000 00220 a2200097 4500
001 45790
100 _aKeeton G
245 _aThe year book of world affairs 1976
260 _aLondon
_bStevens
_c
090 _c28915
_d28915
942 _aNUST-CAE
_cM
_c21019
999 _c280863
_d280863